| 000 | 00850 am a2200253 a 4500 | ||
|---|---|---|---|
| 001 | 012979687 | ||
| 003 | Uk | ||
| 005 | 20130129145833.0 | ||
| 008 | 040826s2004 xxua 001 0 eng d | ||
| 020 | _a0867154349 | ||
| 020 | _a9780867154344 | ||
| 082 | 0 | 4 |
_a617.695 _222 _bCHU |
| 100 | 1 |
_aChu, Stephen J. _932102 |
|
| 245 | 1 | 0 |
_aFundamentals of Color : _bShade Matching and Communication in Esthetic Dentistry / _cStephen J. Chu, Alessandro Devigus, Adam J. Mieleszko. |
| 260 |
_aChicago, IL ; _aLondon : _bQuintessence Pub. Co., _cc2004. |
||
| 300 |
_ax, 158 p. : _bcol. ill. ; _c25 cm. |
||
| 500 | _aIncludes index. | ||
| 650 | 0 |
_aColor in dentistry. _932103 |
|
| 650 | 0 |
_aDentistry _xAesthetic aspects. _932104 |
|
| 653 |
_bDent _cJanuary2013 |
||
| 700 | 1 |
_aDevigus, Alessandro. _932105 |
|
| 700 | 1 |
_aMieleszko, Adam J. _932106 |
|
| 942 |
_2ddc _cDN |
||
| 999 |
_c17165 _d17137 |
||